000 00760cam a2200205 4500
020 _a030902126X
082 0 0 _a625.84
_bCON
_cD
110 2 _aNational Research Council (U.S.).
_920017
245 1 0 _aContinuously reinforced concrete pavement.
260 _a[Washington]
_c1973.
300 _a23 p.
_billus.
_c28 cm.
500 _a"NCHRP project 20-5 FY '72."
500 _a"Research sponsored by the American Association of State Highway Officials in cooperation with the Federal Highway Administration."
526 _a0
_b0
_c0
_d625_840000000000000_CON
650 0 _aD
_96527
650 0 _aPavements, Reinforced concrete.
_921184
710 1 _aUnited States.
_921185
710 2 _aAmerican Association of State Highway Officials.
_919665
942 _2ddc
_cBK
999 _c547686
_d547686